[Event "Barcelona Sants op 21st"]
[Site "Barcelona"]
[Date "2019.08.30"]
[Round "8"]
[White "Gamisans Cassi, Marc"]
[Black "Prada Villagrasa, Pau Manel"]
[Result "1/2-1/2"]
[WhiteElo "1647"]
[BlackElo "1465"]
[PlyCount "41"]
[EventDate "2019.08.23"]
[EventType "swiss"]
[EventRounds "10"]
[EventCountry "ESP"]
[SourceTitle "EXT 2020"]
[Source "ChessBase"]
[SourceDate "2019.10.17"]
[SourceVersion "1"]
[SourceVersionDate "2019.10.17"]
[SourceQuality "1"]

1. b4 e5 2. Bb2 d6 3. c4 Be6 4. e3 Nd7 5. Nc3 Ngf6 6. Nf3 Be7 7. Be2 0-0 8. Qc2 Re8 9. 0-0 c6 10. Ng5 Nf8 11. a4 h6 12. Nf3 N8d7 13. d4 exd4 14. Nxd4 d5 15. c5 Qc7 16. a5 Rab8 17. Na4 Ng4 18. g3 Ngf6 19. Rfc1 Nf8 20. Nf3 N8d7 21. Nd4 1/2-1/2

[Event "Barcelona Sants op 21st"]
[Site "Barcelona"]
[Date "2019.08.23"]
[Round "1"]
[White "Lambert Pont, James"]
[Black "Gamisans Cassi, Marc"]
[Result "1/2-1/2"]
[WhiteElo "1399"]
[BlackElo "1647"]
[PlyCount "37"]
[EventDate "2019.08.23"]
[EventType "swiss"]
[EventRounds "10"]
[EventCountry "ESP"]
[SourceTitle "EXT 2020"]
[Source "ChessBase"]
[SourceDate "2019.10.17"]
[SourceVersion "1"]
[SourceVersionDate "2019.10.17"]
[SourceQuality "1"]

1. d4 e6 2. Bf4 f5 3. Nf3 Nf6 4. e3 d5 5. c4 Bd6 6. Ne5 Nbd7 7. Nc3 0-0 8. Qb3 Bxe5 9. dxe5 Nc5 10. Qb5 Nfe4 11. Nxe4 Nxe4 12. f3 c6 13. Qb4 Ng5 14. Bxg5 Qxg5 15. f4 Qg4 16. cxd5 cxd5 17. Qe7 Rf7 18. Qe8+ Rf8 19. Qe7 1/2-1/2